Medieval Islamic political thought

Main Author: Crone, Patricia (Author)
Published: Edinburgh: Edinburgh University Press, 2004
Subjects:
LEADER 00881cam a2200253 7i4500
001 0000042209
005 20250514090000.0
008 250514t20042004enk# ### #00001engm#
020 # # |a 0748618708  
040 # # |a UMT   |b eng   |c UMT   |e rda 
090 0 0 |a DS 38.2   |b .C9 2004 
100 1 # |a Crone, Patricia   |e author  
245 1 0 |a Medieval Islamic political thought   |c Patricia Crone. 
264 # 1 |a Edinburgh:   |b Edinburgh University Press,   |c 2004 
264 # 4 |c ♭2004 
300 # # |a x, 462 pages:   |b geneal tables;   |c 24 cm 
336 # # |a text --   |2 rdacontent 
337 # # |a unmediated --   |2 rdamedia 
338 # # |a volume --   |2 rdacarrier 
590 # # |a Pusat Pendidikan Asas dan Liberal 
650 0 0 |a Ummah (Islam)  
650 0 0 |a Islam and politics --   |x History --   |z Islamic Empire  
650 0 0 |a Islam and state --   |x History --   |z Islamic Empire  
999 |a 1100031356  |b Book  |c Open Shelf  |e KOLEKSI TERBUKA